Boardroom realities : Building leaders across your board

There is renewed interest in new boardroom practices that aim to strengthen the leadership role of directors. This book assembles the biggest names in the study of board governance as well as corporate board members themselves to address the critical questions that corporate boards face today.

Đã lưu trong:
书目详细资料
格式: 图书
语言:Undetermined
出版: San Francisco, CA Jossey-Bass 2009
主题:
标签: 添加标签
没有标签, 成为第一个标记此记录!
Thư viện lưu trữ: Trung tâm Học liệu Trường Đại học Cần Thơ
LEADER 00841nam a2200193Ia 4500
001 CTU_187077
008 210402s9999 xx 000 0 und d
082 |a 658.422 
082 |b B662 
245 0 |a Boardroom realities : 
245 0 |b Building leaders across your board 
245 0 |c Editor: Jay A. Conger 
260 |a San Francisco, CA 
260 |b Jossey-Bass 
260 |c 2009 
520 |a There is renewed interest in new boardroom practices that aim to strengthen the leadership role of directors. This book assembles the biggest names in the study of board governance as well as corporate board members themselves to address the critical questions that corporate boards face today. 
650 |a Directors of corporations,Giám đốc công ty 
904 |i Giang 
980 |a Trung tâm Học liệu Trường Đại học Cần Thơ